000 00517nam a22001937a 4500
003 CEME
005 20210628203951.0
008 210309b xxu||||| |||| 00| 0 eng d
020 _a0-08-040516-9
040 _c.
082 _a621.3121 MOD'B
100 _aBritish Electrical International
_965771
245 _aModern power station practice , control and instrumentation
250 _a3RD
260 _aOXFORD
_bPERGMAN
_c1991
300 _aVOL-F
650 _aELECTRIC POWER PLANTS
_935699
942 _cBK
_2ddc
999 _c575721
_d575721